El Vaticano (Record no. 95099)

MARC details
000 -LEADER
campo de control de longitud fija 00473nam a2200157 i 4500
001 - NÚMERO DE CONTROL
campo de control 95099
003 - IDENTIFICADOR DE NÚMERO DE CONTROL
campo de control ES-MaACL
005 - FECHA Y HORA DE LA ÚLTIMA TRANSACCIÓN
campo de control 20230906181632.0
007 - CAMPO FIJO DE DESCRIPCIÓN FÍSICA--INFORMACIÓN GENERAL
campo de control de longitud fija t|
008 - DATOS DE LONGITUD FIJA--INFORMACIÓN GENERAL
campo de control de longitud fija 050523s1945 sp ||||1| spa d
100 1# - ENTRADA PRINCIPAL--NOMBRE DE PERSONA
Nombre de persona Luis, Rafael de.
9 (RLIN) 74685
245 13 - MENCIÓN DEL TÍTULO
Título El Vaticano
Resto del título : cátedra de paz. (La acción internacional de la Santa Sede) /
Mención de responsabilidad, etc. Rafael de Luis.
260 ## - PUBLICACIÓN, DISTRIBUCIÓN, ETC.
Lugar de publicación, distribución, etc. Madrid :
Nombre del editor, distribuidor, etc. Editorial Tibo,
Fecha de publicación, distribución, etc. 1945.
300 ## - DESCRIPCIÓN FÍSICA
Extensión 364 p. ;
Dimensiones 20 cm.
852 ## - LOCALIZACIÓN
Ubicación ES-MaACL
Número de control de estantería F-12506
Sublocalización o colección R.21659
Holdings
Estatus retirado Estado de pérdida Estado de daño No para préstamo Biblioteca de origen Biblioteca actual Ubicación en estantería Fecha de adquisición Fuente de adquisición Total de préstamos Signatura topográfica completa Código de barras Visto por última vez Precio de reemplazo Tipo de ítem Koha
        Biblioteca del Ateneo de Madrid Biblioteca del Ateneo de Madrid Sala Pecera Planta 2 17/01/2008     F-12506 1099308 23/02/2023 23/02/2023 Libro impreso